El estado de la educación superior en Norte de Santander /

Detalles Bibliográficos
Autor principal: Rodríguez Colorado, Nancy (Autor)
Formato: Electrónico eBook
Lenguaje:español
Publicado: [Pamplona, Colombia] : Sello Editorial Unipamplona, 2023.
Colección:Colección Educación (Universidad de Pamplona)
Materias:
Acceso en línea:Digitalia Hispánica

MARC

LEADER 00000nam a2200000 i 4500
001 DIGUPAMP0045
003 NyNyDIG
007 cr |||||||||||
008 250902s2023 ck ad ob 000 0 spa d
006 m o d
035 |a (OCoLC)1536545476 
040 |a DGITA  |b eng  |e rda  |e pn  |c DGITA 
020 |z 9786289573138 
043 |a s-ck--- 
050 1 4 |a LA568 ebook 
245 0 3 |a El estado de la educación superior en Norte de Santander /  |c autores, Nancy Rodríguez Colorado [and 17 others]. 
264 1 |a [Pamplona, Colombia] :  |b Sello Editorial Unipamplona,  |c 2023. 
300 |a 1 online resource :  |b illustrations, charts. 
336 |a text  |b txt  |2 rdacontent 
337 |a computer  |b c  |2 rdamedia 
338 |a online resource  |b cr  |2 rdacarrier 
347 |a text file  |2 rdaft 
347 |b PDF 
490 1 |a Colección Educación 
504 |a Includes bibliographical references. 
588 0 |a Online resource; title from PDF title page (Digitalia, viewed September 2, 2025) 
650 0 |a Education, Higher  |z Colombia  |z Norte de Santander. 
700 1 |a Rodríguez Colorado, Nancy,  |e author. 
791 2 |a Digitalia (Firm),  |e distributor. 
793 0 |g Digitalia eBook Collection:  |a Universidad de Pamplona 
776 0 8 |i Print version:  |t Estado de la educación superior en Norte de Santander.  |b Primera edición.  |d [Pamplona, Colombia] : Sello Editorial Unipamplona, [2023]  |z 9786289573138 
830 0 |a Colección Educación (Universidad de Pamplona) 
856 4 0 |3 Digitalia Hispánica  |u https://www.digitaliapublishing.com/a/133335/ 
910 |a Premium collection: 2025